|
|
|
|
| LEADER |
00000nam0a2200000 4500 |
| 001 |
170861 |
| 005 |
20231031163833.0 |
| 020 |
|
|
|a RU
|b 81-68568
|
| 035 |
|
|
|a (RuTPU)RU\TPU\book\185275
|
| 090 |
|
|
|a 170861
|
| 100 |
|
|
|a 20091126d1981 m a0rusy5003 ca
|
| 101 |
0 |
|
|a rus
|
| 102 |
|
|
|a BY
|
| 105 |
|
|
|a a z 000zy
|
| 200 |
1 |
|
|a Свинцом и словом
|e записки журналиста
|f Г. В. Будай
|
| 205 |
|
|
|a 2-е изд., испр. и доп.
|
| 210 |
|
|
|a Минск
|c Беларусь
|d 1981
|
| 215 |
|
|
|a 223 с.
|c ил., 8 л. ил.
|d 20 см.
|
| 610 |
1 |
|
|a печать
|
| 610 |
1 |
|
|a партизанское движение
|
| 610 |
1 |
|
|a Белоруссия
|
| 610 |
1 |
|
|a история
|
| 610 |
1 |
|
|a Великая Отечественная война 1941-1945
|
| 610 |
1 |
|
|a воспоминания
|
| 610 |
1 |
|
|a записки
|
| 675 |
|
|
|a 9(С)27
|z rus
|
| 675 |
|
|
|a 9(С3)
|z rus
|
| 700 |
|
1 |
|a Будай
|b Г. В.
|g Геннадий Васильевич
|4 070
|
| 801 |
|
0 |
|a RU
|b RuMRKP
|c 19950704
|g psbo
|
| 801 |
|
1 |
|a RU
|b 63413507
|c 20091126
|
| 801 |
|
2 |
|a RU
|b 63413507
|c 20100414
|g RCR
|
| 942 |
|
|
|c BK
|